Introductory Mycology (Record no. 52226)

MARC details
000 -LEADER
fixed length control field 00560nam a22002177a 4500
003 - CONTROL NUMBER IDENTIFIER
control field OSt
008 - FIXED-LENGTH DATA ELEMENTS--GENERAL INFORMATION
fixed length control field 260623b |||||||| |||| 00| 0 eng d
020 ## - INTERNATIONAL STANDARD BOOK NUMBER
International Standard Book Number 9788126511082
082 ## - DEWEY DECIMAL CLASSIFICATION NUMBER
Classification number 579.5
Item number A38I
100 ## - MAIN ENTRY--PERSONAL NAME
Personal name Alexopoulos, C.J.
245 ## - TITLE STATEMENT
Title Introductory Mycology
Statement of responsibility, etc. Alexopoulos, C.J.
250 ## - EDITION STATEMENT
Edition statement 4th Edition
260 ## - PUBLICATION, DISTRIBUTION, ETC. (IMPRINT)
Place of publication, distribution, etc Singapore,
Name of publisher, distributor, etc John Wiley & Sons
Date of publication, distribution, etc 2025
300 ## - PHYSICAL DESCRIPTION
Extent x. 869 p.
650 ## - SUBJECT ADDED ENTRY--TOPICAL TERM
Topical term or geographic name as entry element Mycology
650 ## - SUBJECT ADDED ENTRY--TOPICAL TERM
Topical term or geographic name as entry element Fungal Taxonomy
650 ## - SUBJECT ADDED ENTRY--TOPICAL TERM
Topical term or geographic name as entry element Myxomycetes / Slime Molds
700 ## - ADDED ENTRY--PERSONAL NAME
Personal name Mims, C.W.
700 ## - ADDED ENTRY--PERSONAL NAME
Personal name Blackwell, M.
942 ## - ADDED ENTRY ELEMENTS (KOHA)
Source of classification or shelving scheme
Koha item type Books
Holdings
Withdrawn status Lost status Source of classification or shelving scheme Damaged status Not for loan Home library Current library Shelving location Date acquired Source of acquisition Currency Cost, normal purchase price Total Checkouts Full call number Barcode Date last seen Bill Date Koha item type Bill Number
          Dr. Rajendra Prasad Central Agricultural University Pusa, Dr. Rajendra Prasad Central Agricultural University Pusa, General Stacks 23/06/2026 Delight Book Agency, Delhi INR 1895.00   579.5 A38I 89203 23/06/2026 18/02/2026 Books DBS/027/2025-2026
          Dr. Rajendra Prasad Central Agricultural University Pusa, Dr. Rajendra Prasad Central Agricultural University Pusa, General Stacks 23/06/2026 Delight Book Agency, Delhi INR 1895.00   579.5 A38I 89202 23/06/2026 18/02/2026 Books DBS/027/2025-2026
Hosted, Implemented, Customized & Maintained by: BestBookBuddies

Powered by Koha